000 00447nam a22001577a 4500
005 20240503092358.0
008 240503b |||||||| |||| 00| 0 eng d
041 _aEnglish
082 _a349 LAW
100 _lEnglish
245 _aThe Law Reports: King's Bench Division
260 _aLondon:
_bThe COUNCIL,
_c1925
300 _bxxv, 785 pages;
_c25 cm.
650 _aLegal practice
_bLaw
942 _cBK
_6ALISON_BN_VRIES
999 _c1591
_d1591